01494nam a2200397 i 450000100060000000300080000600500170001400600190003100700150005000800410006502000180010602000280012403500220015204000310017405000220020508000080022708200170023510000400025224501260029226400470041830000520046533600310051733700330054833800430058150000230062458800830064759001620073065000160089265000150090865000230092365000250094665500270097179700180099885600630101699900170107966028FINmELB20241217142702.0m o d | cr cnu||||||||170521s2013 ag o 001 0 spa d z9786070069871 a9786070089817q(e-book) a(OCoLC)1009105419 aFINmELBbspaerdacFINmELB 4aHD57.7bJ958 2013 a6580 a658.40922231 aJuárez Letechipía, Juan Manuel.14aLas 3 estrategias de efectividad personal :buna fórmula de liderazgo equilibrado /cJuan Manuel Juárez Letechipía. 1aBuenos Aires :bEdiciones Granica,c[2013] a1 recurso en línea (85 páginas sin numerar) atextobtxt2rdacontent/spa acomputadorabc2rdamedia/spa arecurso en líneabcr2rdacarrier/spa aContiene índice. aDescripción basada en metadatos suministrados por el editor y otras fuentes. aRecurso electrónico. Santa Fe, Arg.: elibro, 2020. Disponible vía World Wide Web. El acceso puede estar limitado para las bibliotecas afiliadas a elibro. 0aLeadership. 4aLiderazgo. 0aExecutive ability. 4aCapacidad ejecutiva. 4aLibros electrónicos.2 aelibro, Corp.40uhttps://elibro.net/ereader/politecnicointernacional/113858 c66028d66028